000 00813nam a2200193 i 4500
001 142241
003 ES-MaACL
005 20240111173950.0
007 t|
008 071004s1945 sp ||||1| spa d
100 1 _aVillanueva Vadillo, Víctor.
_9115052
245 1 0 _aFactores determinantes de un proyecto de industria químico farmaceútica nacional /
_cdiscurso leído por Víctor Villanueva Vadillo en el acto de su recepción en la Real Academia de Farmacia el día 13 de abril de 1945 y contestación de José de la Vega y Portilla.
260 _aMadrid :
_b[s.n.],
_c1945 (
_fImpr. Saez)
300 _a180 p., 2 h. pleg. ;
_c25 cm.
700 1 _aVega y Portilla, José de la.
_9113634
710 0 _aReal Academia de Farmacia (España)
_96307
852 _aES-MaACL
_jB-10017
999 _c142241
_d142241